Places To Study

There are group study rooms, individual study carrels, computer labs, and other spaces to study in the Libraries.

Reserve A Group Room

Online Resources

Access thousands of eBooks, audiobooks, and online journals from the comfort of your home.

Explore Resources

Events and Workshops

Join our upcoming events and workshops to enhance your skills and knowledge.

View Events

ဇာတကအဋ္ဌကထာနိဿယ ( ဒသက၊ ဧကာဒသက၊ ဒွါဒသက၊ တေရသကနိပါတ်)၊ (Record no. 2500)

MARC details
000 -LEADER
fixed length control field 01342nam a22002297a 4500
003 - CONTROL NUMBER IDENTIFIER
control field OSt
005 - DATE AND TIME OF LATEST TRANSACTION
control field 20251117140041.0
008 - FIXED-LENGTH DATA ELEMENTS--GENERAL INFORMATION
fixed length control field 251117b |||||||| |||| 00| 0 eng d
040 ## - CATALOGING SOURCE
Transcribing agency DCL
082 ## - DEWEY DECIMAL CLASSIFICATION NUMBER
Classification number ၂၉၄.၃၈၂၃၅၃
130 ## - MAIN ENTRY--UNIFORM TITLE
Uniform title တိပိဋက။
Name of part/section of a work သုတ္တန္တပိဋက။
-- ခုဒ္ဒကနိကာယ။
Title of a work ဇာတက၊
Language of a work အဋ္ဌကထာ၊
Version နိဿယ။
245 ## - TITLE STATEMENT
Title ဇာတကအဋ္ဌကထာနိဿယ ( ဒသက၊ ဧကာဒသက၊ ဒွါဒသက၊ တေရသကနိပါတ်)၊
Number of part/section of a work ပဥ္စမတွဲ /
Remainder of title ဘဒ္ဒန္တကောဝိဒါဘိဝံသ။
264 ## - PRODUCTION, PUBLICATION, DISTRIBUTION, MANUFACTURE, AND COPYRIGHT NOTICE
Place of production, publication, distribution, manufacture ရန်ကုန် ၊
Name of producer, publisher, distributor, manufacturer သာသနာရေးဦးစီး၊
Date of production, publication, distribution, manufacture, or copyright notice ၂၀၁၄။
300 ## - PHYSICAL DESCRIPTION
Extent ၇၀၄ စာမျက်နှာ ၊
Dimensions ၂၆ စင်တီ။
650 ## - SUBJECT ADDED ENTRY--TOPICAL TERM
Topical term or geographic name entry element ဇာတက
Form subdivision အဋ္ဌကထာနိဿယ။
650 ## - SUBJECT ADDED ENTRY--TOPICAL TERM
Topical term or geographic name entry element ဒသက
General subdivision အဋ္ဌကထာနိဿယ။
650 ## - SUBJECT ADDED ENTRY--TOPICAL TERM
Topical term or geographic name entry element ဧကာဒသက
Form subdivision အဋ္ဌကထာနိဿယ။
650 ## - SUBJECT ADDED ENTRY--TOPICAL TERM
Topical term or geographic name entry element ဒွါဒသက
General subdivision အဋ္ဌကထာနိဿယ။
650 ## - SUBJECT ADDED ENTRY--TOPICAL TERM
Topical term or geographic name entry element တေရသကနိပါတ်
General subdivision အဋ္ဌကထာနိဿယ။
700 ## - ADDED ENTRY--PERSONAL NAME
Personal name ကောဝိဒါဘိဝံသ၊ ဘဒ္ဒန္တ
942 ## - ADDED ENTRY ELEMENTS (KOHA)
Source of classification or shelving scheme Dewey Decimal Classification
Koha item type Short Term
Suppress in OPAC No
Holdings
Withdrawn status Lost status Source of classification or shelving scheme Damaged status Not for loan Collection Accession No. Home library Current library Shelving location Date acquired Total checkouts Full call number Barcode Date last seen Price effective from Koha item type
    Dewey Decimal Classification     Myanmar Pitaka Collection ၁၃၃၄ Dhammadhara Dhammadhara Myanmar Pitaka Shelves 17/11/2025   ၂၉၄.၃၈၂၃၅၃ ခုဒ္ဒ ၁၃၃၄ MB00001334 17/11/2025 17/11/2025 Short Term